Normal view
MARC view
- Wang, Zhen.
Entry Personal Name
001 - CONTROL NUMBER
- control field: 51589
003 - CONTROL NUMBER IDENTIFIER
- control field: OSt
005 - DATE AND TIME OF LATEST TRANSACTION
- control field: 20240206110321.0
008 - FIXED-LENGTH DATA ELEMENTS
- fixed length control field: 240206|| aca||aabn | a|a d
040 ## - CATALOGING SOURCE
- Original cataloging agency: OSt
- Transcribing agency: OSt
100 ## - HEADING--PERSONAL NAME
- Personal name: Wang, Zhen.
- Relator term: author.
670 ## - SOURCE DATA FOUND
- Source citation: Work cat.: (OSt): Yu, Kailiang. author. 51588, An online compensation method of VSI nonlinearity for dual three-phase PMSM drives using current injection /, April 2022.
